Como exportar e importar (Registro nro. 4759)

Detalles MARC
000 -LEADER
fixed length control field 01958 a2200217 4500
001 - CONTROL NUMBER
control field 48934
005 - DATE AND TIME OF LATEST TRANSACTION
control field 20260407155755.0
008 - FIXED-LENGTH DATA ELEMENTS--GENERAL INFORMATION
fixed length control field 260407a1991 arg spa d
003 - CONTROL NUMBER IDENTIFIER
control field AR-UNSa-BCEJYS
040 ## - CATALOGING SOURCE
Original cataloging agency AR-UNSa-BCEJYS
Language of cataloging spa
Transcribing agency AR-UNSa-BCEJYS
080 ## - UNIVERSAL DECIMAL CLASSIFICATION NUMBER
Universal Decimal Classification number 339.5
Common auxiliary subdivision Comercio exterior. Comercio Internacional
020 ## - INTERNATIONAL STANDARD BOOK NUMBER
International Standard Book Number 950-543-071-X
100 1# - MAIN ENTRY--PERSONAL NAME
Personal name Fratalocchi, Aldo
245 10 - TITLE STATEMENT
Title Como exportar e importar
Name of part/section of a work cálculo del costo y del precio internacional
250 ## - EDITION STATEMENT
Edition statement 2a.ed.
264 #1 - PRODUCTION, PUBLICATION, DISTRIBUTION, MANUFACTURE, AND COPYRIGHT NOTICE
Place of production, publication, distribution, manufacture Buenos Aires :
Name of producer, publisher, distributor, manufacturer Cangallo
Date of production, publication, distribution, manufacture, or copyright notice 1991
300 ## - PHYSICAL DESCRIPTION
Extent 716 p.
Dimensions 23 cm.
505 ## - FORMATTED CONTENTS NOTE
Formatted contents note PRIMERA PARTE: Como exportar e importar: 1. Análisis de las posibilidades de exportar o importar - 2. Canales de comercialización - 3. Las ferias y exposiciones comerciales - SEGUNDA PARTE: Presupuestos de la actividad con el exterior: 1. La nomenclatura - 2. Régimen Legal del Comercio Exterior - TERCERA PARTE: El régimen de exportación: 1. Aspectos básicos de la exportación - 2. Documentos más usuales - 3. Estímulos aduaneros - 4. Reintegros y reembolsos - 5. Diversos estímulos a las exportaciones - 6. Tributación y exportaciones - 7. Régimen cambiario - 8. Régimen financiero - 9. Seguro de crédito a la exportación - 10. Secuencia de una exportación - CUARTA PARTE: Régimen de importación: 1. Las tarifas arancelarias - 2. La base imponible. Derechos, gravámenes y tasas. Legislación antidumping. Destinaciones aduaneras - 3. Seguros. Transportes. Regímenes de pago. Financiación de bienes importados - 4. Actualizaciones. Tasa de interés. Régimen de garantías. Procedimiento de impugnación. Penalidades - QUINTA PARTE: Operaciones cambiarias: 1. Régimen cambiario - SEXTA PARTE: Cálculo del costo t del precio de exportación e importación: 1. Consideraciones sobre el precio internacional - 2. Cálculo del costo y del precio de exportación - 3. Cálculo del costo de importación.
590 ## - LOCAL NOTE (RLIN)
Local note niveau_biblio:m niveau_hierar:0
942 ## - ADDED ENTRY ELEMENTS (KOHA)
Koha item type
Existencias
Withdrawn status Lost status Damaged status Not for loan Home library Current library Shelving location Date acquired Total checkouts Full call number Barcode Date last seen Price effective from Koha item type
        Biblioteca Prof. Eusebio Cleto del Rey Biblioteca Prof. Eusebio Cleto del Rey   07/04/2026   339.5 F844 2ed. L58058 07/04/2026 07/04/2026 Libro
        Biblioteca Prof. Eusebio Cleto del Rey Biblioteca Prof. Eusebio Cleto del Rey   07/04/2026   339.5 F844 2ed. L58803 07/04/2026 07/04/2026 Libro
        Biblioteca Prof. Eusebio Cleto del Rey Biblioteca Prof. Eusebio Cleto del Rey   07/04/2026   339.5 F844 2ed. L58804 07/04/2026 07/04/2026 Libro
        Biblioteca Prof. Eusebio Cleto del Rey Biblioteca Prof. Eusebio Cleto del Rey   07/04/2026   339.5 F844 2ed. L58057 07/04/2026 07/04/2026 Libro